[Event "Catalunya-chT GpB final"]
[Site "Barcelona"]
[Date "2017.04.01"]
[Round "4.10"]
[White "Masague Artero, Guerau"]
[Black "Diaz Munoz, Sergi"]
[Result "0-1"]
[WhiteElo "1979"]
[BlackElo "1998"]
[PlyCount "44"]
[EventDate "2017.03.11"]
[EventType "team-tourn"]
[EventRounds "11"]
[EventCountry "ESP"]
[SourceTitle "EXT 2018"]
[Source "ChessBase"]
[SourceDate "2017.10.13"]
[SourceVersion "1"]
[SourceVersionDate "2017.10.13"]
[SourceQuality "1"]
[WhiteTeam "Lleida"]
[BlackTeam "Banyoles"]
[WhiteTeamCountry "ESP"]
[BlackTeamCountry "ESP"]

1. d4 Nf6 2. c4 e6 3. Nc3 Bb4 4. e3 0-0 5. Bd3 d5 6. a3 Bxc3+ 7. bxc3 dxc4 8. Bxc4 c5 9. Nf3 Qc7 10. Be2 Nbd7 11. 0-0 b6 12. a4 Bb7 13. Ba3 Rfd8 14. Qb3 Ng4 15. g3 Qc6 16. Qb5 Qe4 17. Qb1 Qc6 18. Qb5 Qd5 19. c4 Qh5 20. h4 Ngf6 21. Kg2 Be4 22. a5 Ne5 0-1

[Event "Catalunya-chT Gp2"]
[Site "Barcelona"]
[Date "2017.02.18"]
[Round "5.6"]
[White "Diaz Munoz, Sergi"]
[Black "Rahal, Michael"]
[Result "0-1"]
[WhiteElo "1998"]
[BlackElo "2332"]
[PlyCount "104"]
[EventDate "2017.01.21"]
[EventType "team-tourn"]
[EventRounds "7"]
[EventCountry "ESP"]
[SourceTitle "EXT 2018"]
[Source "ChessBase"]
[SourceDate "2017.10.13"]
[SourceVersion "1"]
[SourceVersionDate "2017.10.13"]
[SourceQuality "1"]
[WhiteTeam "Banyoles"]
[BlackTeam "Colon Sabadell"]
[WhiteTeamCountry "ESP"]
[BlackTeamCountry "ESP"]

1. e4 c5 2. Nf3 a6 3. d4 cxd4 4. Nxd4 Nf6 5. Nc3 e5 6. Nf3 Bb4 7. Bd2 0-0 8. Bd3 d5 9. Qe2 d4 10. Nb1 Bxd2+ 11. Nbxd2 Nc6 12. a3 Re8 13. 0-0 Nh5 14. g3 Bg4 15. Nc4 Re6 16. Rfe1 Rg6 17. Kh1 Qf6 18. Ncd2 Nd8 19. Qd1 Ne6 20. Be2 Rh6 21. Rg1 Rd8 22. Qf1 Nc5 23. Qg2 Qe7 24. Rad1 Nf6 25. Rge1 d3 26. cxd3 Nxd3 27. Bxd3 Rxd3 28. Rc1 Ne8 29. Rc3 Rxc3 30. bxc3 Rc6 31. Nb1 f6 32. Nfd2 Nd6 33. f3 Be6 34. Qf2 b5 35. Rd1 h6 36. Qe3 Kh7 37. Kg2 Qf7 38. Kf2 Nc8 39. Qd3 Nb6 40. Qc2 Na4 41. Rc1 h5 42. Nf1 Qa7+ 43. Ne3 Rd6 44. Ke2 Qc5 45. c4 Rc6 46. Nd5 Qxc4+ 47. Qxc4 bxc4 48. Ndc3 Nb2 49. Nd2 Nd3 50. Rb1 h4 51. Rb8 h3 52. a4 Nc1+ 0-1

[Event "Moia MC 4th"]
[Site "Moia"]
[Date "2015.11.06"]
[Round "8"]
[White "Diaz Munoz, Sergi"]
[Black "Saurina Suner, Francesc Xavier"]
[Result "1/2-1/2"]
[WhiteElo "2014"]
[BlackElo "1884"]
[PlyCount "29"]
[EventDate "2015.09.18"]
[EventType "tourn"]
[EventRounds "9"]
[EventCountry "ESP"]
[SourceTitle "EXT 2017"]
[Source "ChessBase"]
[SourceDate "2016.10.25"]
[SourceVersion "1"]
[SourceVersionDate "2016.10.25"]
[SourceQuality "1"]

1. e4 e5 2. Nf3 Nc6 3. d4 exd4 4. Nxd4 Bc5 5. Nxc6 Qf6 6. Qf3 Qxf3 7. gxf3 dxc6 8. Be3 Bxe3 9. fxe3 Be6 10. Nc3 0-0-0 11. Rg1 g6 12. Bd3 Nf6 13. 0-0-0 Kb8 14. Kb1 h5 15. h4 1/2-1/2

[Event "Moia MC 4th"]
[Site "Moia"]
[Date "2015.09.18"]
[Round "1"]
[White "Diaz Munoz, Sergi"]
[Black "Prats Rodriguez, Juan Bosco"]
[Result "1-0"]
[WhiteElo "2014"]
[BlackElo "1995"]
[PlyCount "39"]
[EventDate "2015.09.18"]
[EventType "tourn"]
[EventRounds "9"]
[EventCountry "ESP"]
[SourceTitle "EXT 2017"]
[Source "ChessBase"]
[SourceDate "2016.10.25"]
[SourceVersion "1"]
[SourceVersionDate "2016.10.25"]
[SourceQuality "1"]

1. e4 d6 2. d4 Nf6 3. Nc3 g6 4. Be3 a6 5. Qd2 b5 6. f3 Nbd7 7. 0-0-0 Bb7 8. g4 h6 9. Nh3 c5 10. g5 hxg5 11. Nxg5 Qc7 12. dxc5 dxc5 13. Nd5 Nxd5 14. exd5 Bg7 15. Bf4 Be5 16. Bxe5 Qxe5 17. f4 Qg7 18. Bg2 0-0-0 19. d6 e6 20. Qa5 1-0

[Event "Girona op 6th"]
[Site "Girona"]
[Date "2015.07.15"]
[Round "3"]
[White "Gonzalez Vericat, Sergio"]
[Black "Diaz Munoz, Sergi"]
[Result "1-0"]
[WhiteElo "2269"]
[BlackElo "2192"]
[PlyCount "91"]
[EventDate "2015.07.13"]
[EventType "swiss"]
[EventRounds "9"]
[EventCountry "ESP"]
[SourceTitle "EXT 2016"]
[Source "ChessBase"]
[SourceDate "2015.10.08"]
[SourceVersion "1"]
[SourceVersionDate "2015.10.08"]
[SourceQuality "1"]

1. b3 e5 2. Bb2 Nc6 3. e3 Nf6 4. c4 Be7 5. d3 0-0 6. a3 d5 7. cxd5 Nxd5 8. Nf3 Bf6 9. Qc2 Re8 10. Nbd2 g6 11. Be2 Bg7 12. 0-0 Bd7 13. Rfd1 Rc8 14. Ne4 b6 15. Qc4 Nf6 16. b4 Nxe4 17. dxe4 Qe7 18. Qc3 Nb8 19. Bc4 c5 20. b5 Be6 21. Bxe6 Qxe6 22. Rd5 f6 23. Rad1 Bf8 24. Nd2 c4 25. Nf1 Rc7 26. Qd2 Rec8 27. Bc3 Bxa3 28. Rd8+ Kg7 29. Rd5 Be7 30. f4 exf4 31. exf4 Kf7 32. Ng3 Rc5 33. f5 gxf5 34. Qh6 Rxd5 35. Qxh7+ Kf8 36. Qh6+ Ke8 37. exd5 Qf7 38. Nxf5 Bf8 39. Qh8 Kd7 40. Qh3 Bc5+ 41. Kh1 Kc7 42. d6+ Kd8 43. Re1 Nd7 44. Re7 Qf8 45. Ng7 Bxd6 46. Qxd7# 1-0

[Event "Figueres op 15th"]
[Site "Figueres"]
[Date "2014.08.14"]
[Round "4"]
[White "Diaz Munoz, Sergi"]
[Black "Parals Marce, Luis"]
[Result "0-1"]
[WhiteElo "2034"]
[BlackElo "1962"]
[PlyCount "58"]
[EventDate "2014.08.11"]
[EventType "swiss"]
[EventRounds "9"]
[EventCountry "ESP"]
[SourceTitle "CBM 162 Extra"]
[Source "ChessBase"]
[SourceDate "2014.10.17"]
[SourceVersion "1"]
[SourceVersionDate "2014.10.17"]
[SourceQuality "1"]

1. e4 c5 2. Nf3 e6 3. d4 cxd4 4. Nxd4 a6 5. Be2 Qc7 6. 0-0 Nf6 7. Bf3 Be7 8. Nc3 0-0 9. Re1 d6 10. Be3 Nbd7 11. g3 Ne5 12. Bg2 Bd7 13. h3 Rac8 14. Qe2 Nc4 15. Bc1 Qb6 16. Nb3 Ne8 17. Nd1 Bf6 18. c3 Bb5 19. Qc2 Ba4 20. Be3 Qb5 21. Bf1 d5 22. exd5 Qxd5 23. Qd3 Qxd3 24. Bxd3 Ned6 25. Bc1 Ne5 26. Be2 Bb5 27. Na5 Bxe2 28. Rxe2 Nd3 29. Be3 Nc4 0-1

[Event "Girona Territorial-ch"]
[Site "Girona"]
[Date "2013.11.24"]
[Round "8"]
[White "Salagran Ferragut, Guillem"]
[Black "Diaz Munoz, Sergi"]
[Result "1-0"]
[WhiteElo "1995"]
[BlackElo "2038"]
[PlyCount "73"]
[EventDate "2013.09.22"]
[EventType "swiss"]
[EventRounds "9"]
[EventCountry "ESP"]
[SourceTitle "EXT 2015"]
[Source "ChessBase"]
[SourceDate "2014.11.20"]
[SourceVersion "1"]
[SourceVersionDate "2014.11.20"]
[SourceQuality "1"]

1. e4 c5 2. Nf3 e6 3. d4 cxd4 4. Nxd4 Nc6 5. Nc3 Qc7 6. Be2 a6 7. 0-0 Nf6 8. Be3 Be7 9. f4 d6 10. a4 Bd7 11. Nb3 b6 12. Kh1 Bc8 13. Bf3 Bb7 14. Qe1 0-0 15. g4 Nb4 16. Rc1 d5 17. e5 Nxg4 18. Bd4 Nh6 19. Qf2 Bd8 20. Rg1 Nf5 21. Bg4 Nc6 22. Bxf5 exf5 23. Rg2 Nxd4 24. Nxd4 Qd7 25. Nce2 Kh8 26. Ng3 g6 27. Ngxf5 gxf5 28. Qg3 Bf6 29. Rcg1 Qd8 30. Qh3 Bh4 31. Qxf5 Bc8 32. Qh5 Bf5 33. Nxf5 d4 34. Qh6 Rg8 35. Rxg8+ Qxg8 36. Rxg8+ Rxg8 37. Qxh4 1-0

[Event "Figueres op 13th"]
[Site "Figueres"]
[Date "2012.08.16"]
[Round "9"]
[White "Colls Gelaberto, Emilio"]
[Black "Diaz Munoz, Sergi"]
[Result "0-1"]
[WhiteElo "2171"]
[BlackElo "2011"]
[PlyCount "82"]
[EventDate "2012.08.09"]
[EventType "swiss"]
[EventRounds "9"]
[EventCountry "ESP"]
[SourceTitle "CBM 149 Extra"]
[Source "ChessBase"]
[SourceDate "2012.08.24"]
[SourceVersion "1"]
[SourceVersionDate "2012.08.24"]
[SourceQuality "1"]

1. d4 Nf6 2. c4 e6 3. Nf3 Bb4+ 4. Bd2 Bxd2+ 5. Qxd2 0-0 6. g3 d6 7. Bg2 Nc6 8. Nc3 Rb8 9. 0-0 b6 10. Rfd1 Bb7 11. d5 Ne7 12. e4 e5 13. Ne1 Nd7 14. b4 f5 15. exf5 Nxf5 16. Nc2 Bc8 17. Rf1 a6 18. Ne4 h6 19. f4 exf4 20. gxf4 Nf6 21. Rae1 Bd7 22. Ng3 Nh4 23. Nd4 Nxg2 24. Kxg2 Qc8 25. Ne6 Rf7 26. Kg1 c6 27. Ne4 Ne8 28. f5 cxd5 29. cxd5 Qc4 30. Rf3 a5 31. bxa5 bxa5 32. Rf4 Qb5 33. Qd4 Qb2 34. Qxb2 Rxb2 35. a3 Rb3 36. Kf2 Rd3 37. Rb1 Rxd5 38. Rb8 Rdxf5 39. Rxf5 Rxf5+ 40. Ke3 Kf7 41. Rxe8 Bxe8 0-1